Statystyki dla Piłka nożna quiz #11 - Jak nazywa się ten piłkarz? [poziom trudny]

Kliknij tutaj aby rozwiązać quiz!

Ogólne statystyki

  • Ten quiz został rozwiązany 139 razy
  • Średni wynik to 15 z 32

Statystyki odpowiedzi

Odpowiedź% Poprawnych
Olivier Kahn
86%
Teemu Pukki
77%
Mason Greenwood
75%
Thiago Cionek
74%
Ollie Watkins
70%
Anthony Lopes
67%
Nemanja Nikolić
66%
Artem Dovbyk
64%
Przemysław Tytoń
64%
Kazimierz Deyna
61%
Jesus Imaz
58%
Giovanni Reyna
55%
Danijel Ljuboja
47%
Grzegorz Rasiak
46%
Manuel Arboleda
46%
Wojciech Kowalczyk
44%
Willy Caballero
42%
Giovani dos Santos
41%
Włodzimierz Lubański
39%
Leonardo Spinazzola
38%
Charles De Ketelaere
35%
Damien Perquis
34%
Claudio Pizarro
33%
Pedro Goncalves
33%
Artjoms Rudnevs
31%
Demba Ba
30%
Jorgos Samaras
30%
Semir Stilić
25%
Sardar Azmun
18%
Takesure Chinyama
15%
Marcos Senna
14%
Joel Tshibamba
9%

Rozkład punktacji

Percentyl według liczby udzielonych odpowiedzi

Procent ludzi z każdym wynikiem

Twoja historia wyników

Nie rozwiązałeś tego quizu